Normal view
MARC view
Entry Personal Name
001 - CONTROL NUMBER
- control field: 7051
003 - CONTROL NUMBER IDENTIFIER
- control field: BD-DhEWU
005 - DATE AND TIME OF LATEST TRANSACTION
- control field: 20140407192658.0
008 - FIXED-LENGTH DATA ELEMENTS
- fixed length control field: 140407|| aca||aabn | a|a d
040 ## - CATALOGING SOURCE
- Original cataloging agency: BD-DhEWU
- Transcribing agency: BD-DhEWU
100 ## - HEADING--PERSONAL NAME
- Personal name: Ehrhardt, Roger,
- Dates associated with a name: 1949-
670 ## - SOURCE DATA FOUND
- Source citation: Work cat.: (BD-DhEWU)1830: Ehrhardt, Roger, 1949- , Canadian development assistance to Bangladesh :, c1983.